000 01914nam a2200457 i 4500
003 EG-GICUC
005 20260121101649.0
008 260105s1929 fr c|||fr|||| 001 0 fre d
040 _aEG-GiCUC
_bfre
_cEG-GiCUC
_dEG-GiCUC
_eRda
041 _afre
082 0 4 _221
_a341.1
_bRE
092 0 4 _221
099 _aLaw1 11 341.1 RE 1929
245 0 0 _aRecueil Des Cours.
_n1927, Tome 20.
264 1 _aParis :
_bHachette,
_c1929.
300 _a629 pages :
_bportraits ;
_c 24 cm.
336 _2rda contenu
_a texte
337 _2rda medias
_aOrdinateur
338 _2 transporteur rda
_a Ressource en ligne
490 0 _aAcadémie de droit international ;
_v1927, Tome 20.
500 _a1927 V
500 _aAt head of title: Académie de droit international.
504 _aIncludes bibliographical references and index.
505 _aContient les cours de l'Académie y compris :
_tLa conception du droit international privé d'après la doctrine et la pratique en Grèce /
_rpar Georges Streit --
_tLes migrations internationales et leur réglementation /
_rpar L. Varlez --
_tLe développement du Pacte de la Société des Nations /
_rpar W. Schücking --
_tLa double imposition et la coopération fiscale internationale /
_rpar Edwin R.A. Seligman.
546 _aTexte en français
600 1 0 _aVitoria, Francisco de,
610 2 0 _aLeague of Nations
650 1 4 _aEmigration and immigration.
_2qrmak
650 1 4 _aEmigration and immigration law.
_2qrmak
650 1 4 _aMigrations of nations
_2qrmak
650 1 4 _aInternational law.
_2qrmak
651 1 _2qrmak
700 1 _aStreit, Geōrgios S.,
_eAuteur
700 1 _aStreit, Geōrgios S.,
_eAuteur
700 1 _aSchücking, Walther,
_eAuteur
700 1 _aSchücking, Walther,
_eAuteur
710 _aAcadémie De Droit International
856 4 0 _uhttps://fll.law.cu.edu.eg/fulltext/bks/B11-06763.pdf
905 _a75
942 _2ddc
_n0
_cBK
_e21
999 _c54628
_d54628